El nuevo multilateralismo frente al cambio climt̀ico el alcance global y nacional del Acuerdo de Pars̕ /

Bibliographic Details
Main Author: Lozano, Ricardo
Other Authors: Santiago, Giannina
Format: eBook
Language:Spanish
Published: Bogot:̀ Ediciones Universidad Cooperativa de Colombia, 2017
Subjects:
Online Access:Acceso restringido

MARC

LEADER 00000nam a22000007a 4500
005 2019101506036.0
007 cr|||| ||||
008 191015s2017 co |||||s|||| 00||0 spa d
020 |a 978-958-760-073-5 
035 |a 30539 
040 |a vLex 
090 |c 9827  |d 9827 
100 1 |a Lozano, Ricardo 
245 1 2 |a El nuevo multilateralismo frente al cambio climt̀ico  |h [Recurso electrn̤ico] :  |b el alcance global y nacional del Acuerdo de Pars̕ /  |c Ricardo Lozano, Giannina Santiago 
256 |a Servicio en ln̕ea 
260 |a Bogot:̀  |b Ediciones Universidad Cooperativa de Colombia,  |c 2017 
300 |a 1 recurso electrn̤ico 
506 1 |a Disponible solo en los productos indicados  |d vLex Global  |d vLex Global (Academic Edition, excluding Law Schools)  |d vLex Global (U.S. Academic Edition, Law Schools)  |d vLex Global (U.S. Academic Edition, excluding Law Schools)  |d vLex Global (Academic Edition, Law Schools) 
650 0 4 |a Derecho Internacional  |z Colombia 
700 1 |a Santiago, Giannina 
740 0 |a vLex Libros (Servicio en ln̕ea) 
856 4 0 |u http://vlex.com/source/nuevo-multilateralismo-cambio-climatico-alcance-global-nacional-acuerdo-paris-30539  |z Acceso restringido 
942 |c BOOK 
999 0 |a International right